Дистанционные технологии геологических исследований и управления природными ресурсами; Проблемы геологии и освоения недр; Т. 1

Detaylı Bibliyografya
Parent link:Проблемы геологии и освоения недр: труды XX Международного симпозиума имени академика М. А. Усова студентов и молодых ученых, посвященного 120-летию со дня основания Томского политехнического университета, Томск, 4-8 апреля 2016 г./ Национальный исследовательский Томский политехнический университет (ТПУ), Институт природных ресурсов (ИПР) ; Общество инженеров-нефтяников, международная некоммерческая организация, Студенческий чаптер ; под ред. А. Ю. Дмитриева.— , 2016
Т. 1.— 2016.— [С. 694-695]
Yazar: Поцелуев А. А. Анатолий Алексеевич
Kurumsal yazarlar: Национальный исследовательский Томский политехнический университет (ТПУ) Институт природных ресурсов (ИПР) Кафедра общей геологии и землеустройства (ОГЗ), Национальный исследовательский Томский политехнический университет (ТПУ) Институт природных ресурсов (ИПР) Кафедра геологии и разведки полезных ископаемых (ГРПИ)
Diğer Yazarlar: Ананьев Ю. С. Юрий Сергеевич, Житков В. Г. Владимир Георгиевич
Özet:Заглавие с экрана
Dil:Rusça
Baskı/Yayın Bilgisi: 2016
Seri Bilgileri:Космогеологические исследования и дистанционные методы исследований в изучении и управлении природными ресурсами
Konular:
Online Erişim:http://earchive.tpu.ru/handle/11683/31773
Materyal Türü: MixedMaterials Elektronik Kitap Bölümü
KOHA link:https://koha.lib.tpu.ru/cgi-bin/koha/opac-detail.pl?biblionumber=619629

MARC

LEADER 00000naa2a2200000 4500
001 619629
005 20231220105421.0
035 |a (RuTPU)RU\TPU\conf\18065 
035 |a RU\TPU\conf\18061 
090 |a 619629 
100 |a 20160825d2016 k y0rusy50 ca 
101 0 |a rus 
102 |a RU 
105 |a y z 100zy 
135 |a drgn ---uucaa 
181 0 |a i  
182 0 |a b 
200 1 |a Дистанционные технологии геологических исследований и управления природными ресурсами  |f А. А. Поцелуев, Ю. С. Ананьев, В. Г. Житков 
203 |a Текст  |c электронный 
225 1 |a Космогеологические исследования и дистанционные методы исследований в изучении и управлении природными ресурсами 
300 |a Заглавие с экрана 
320 |a [Библиогр.: с. 695 (3 назв.)] 
461 1 |0 (RuTPU)RU\TPU\conf\17456  |t Проблемы геологии и освоения недр  |o труды XX Международного симпозиума имени академика М. А. Усова студентов и молодых ученых, посвященного 120-летию со дня основания Томского политехнического университета, Томск, 4-8 апреля 2016 г.  |o в 2 т.  |f Национальный исследовательский Томский политехнический университет (ТПУ), Институт природных ресурсов (ИПР) ; Общество инженеров-нефтяников, международная некоммерческая организация, Студенческий чаптер ; под ред. А. Ю. Дмитриева  |d 2016 
463 1 |0 (RuTPU)RU\TPU\conf\17457  |t Т. 1  |v [С. 694-695]  |d 2016 
610 1 |a труды учёных ТПУ 
610 1 |a электронный ресурс 
610 1 |a дистанционные технологии 
610 1 |a геологические исследования 
610 1 |a управление 
610 1 |a природные ресурсы 
610 1 |a космическая съемка 
610 1 |a геоинформационные технологии 
610 1 |a геологоразведочные работы 
610 1 |a картографическая информация 
700 1 |a Поцелуев  |b А. А.  |c геолог  |c профессор Томского политехнического университета, доктор геолого-минералогических наук  |f 1952-  |g Анатолий Алексеевич  |3 (RuTPU)RU\TPU\pers\26071 
701 1 |a Ананьев  |b Ю. С.  |c российский геолог  |c доцент Томского политехнического университета, кандидат геолого-минералогических наук  |f 1966-  |g Юрий Сергеевич  |3 (RuTPU)RU\TPU\pers\26228  |9 12016 
701 1 |a Житков  |b В. Г.  |c геолог  |c доцент Томского политехнического университета, кандидат геолого-минералогических наук  |f 1958-  |g Владимир Георгиевич  |3 (RuTPU)RU\TPU\pers\26229 
712 0 2 |a Национальный исследовательский Томский политехнический университет (ТПУ)  |b Институт природных ресурсов (ИПР)  |b Кафедра общей геологии и землеустройства (ОГЗ)  |3 (RuTPU)RU\TPU\col\18663 
712 0 2 |a Национальный исследовательский Томский политехнический университет (ТПУ)  |b Институт природных ресурсов (ИПР)  |b Кафедра геологии и разведки полезных ископаемых (ГРПИ)  |3 (RuTPU)RU\TPU\col\18660 
801 2 |a RU  |b 63413507  |c 20191224  |g RCR 
856 4 |u http://earchive.tpu.ru/handle/11683/31773 
942 |c BK